LEADER 00977nam0-22003251i-450- 001 990004988170403321 005 20121022164439.0 010 $a0-521-09802-5 035 $a000498817 035 $aFED01000498817 035 $a(Aleph)000498817FED01 035 $a000498817 100 $a19990604g19739999km-y0itay50------ba 101 0 $aeng 102 $aGB$aUS 105 $ay-------001yy 200 1 $aMyth$eits meaning and functions in ancient and other cultures$fby G. S. Kirk 210 $aCambridge$cCambridge Univeristy Press$aBerkeley ; Los Angeles$cUniversity of California Press$d1973 215 $aXII, 299 p.$d23 cm 225 1 $aSather classical lectures$v40 451 0$1001000529094 676 $a398 700 1$aKirk,$bGeoffrey Stephen$f<1921- >$0153748 801 0$aIT$bUNINA$gRICA$2UNIMARC 901 $aBK 912 $a990004988170403321 952 $a398 KIR 2$bFil. Mod. 26432$fFLFBC 959 $aFLFBC 996 $aMyth$919847 997 $aUNINA LEADER 04049 am 2200877 n 450 001 9910495998403321 005 20210702 010 $a2-7351-2048-1 024 7 $a10.4000/books.editionsmsh.31025 035 $a(CKB)4100000011993775 035 $a(FrMaCLE)OB-editionsmsh-31025 035 $a(oapen)https://directory.doabooks.org/handle/20.500.12854/85093 035 $a(PPN)257366237 035 $a(EXLCZ)994100000011993775 100 $a20210803j|||||||| ||| 0 101 0 $afre 135 $auu||||||m|||| 181 $ctxt$2rdacontent 182 $cc$2rdamedia 183 $acr$2rdacarrier 200 10$aArchitectures de terre et de bois $eL'habitat privé des provinces occidentales du monde romain. Antécédents et prolongements : Prohistoire, Moyen Age et quelques expériences contemporaines /$fJacques Lasfargues 210 $aParis $cÉditions de la Maison des sciences de l?homme$d2021 215 $a1 online resource (192 p.) 225 1 $aDocuments d?archéologie française 311 $a2-7351-0146-0 330 $aLes architectures de terre et de bois d?époque romaine étaient, il y a quelques années encore, très mal connues. Des fouilles récentes ont apporté de nombreuses données. Cet ouvrage tente un premier point : s?agit-il de survivances protohistoriques ? comment se présentent ces techniques de construction ? à quelles conditions socio-économiques répondent-elles ? L?approche archéologique et textuelle s?accompagne des enseignements livrés par des expériences contemporaines. Earth and wood constructions of the Roman era were, until several years ago, very little known. Recent excavations have provided us with considerable information. This work attempts to answer primary questions such as : are these protohistorical survivals ? what construction techniques were used ? what socio-economic conditions do they correspond to ? The textual and archaeological approach go along with informationobtained by contemporary experiments. 606 $aBuilding, Wooden$zEurope$xCongresses 606 $aBuilding, Wooden$zGaul$xCongresses 606 $aEarthworks (Archaeology)$zEurope$xCongresses 606 $aEarthworks (Archaeology)$zGaul$xCongresses 607 $aEurope$xAntiquities$xCongresses 607 $aGaul$xAntiquities$xCongresses 610 $ahabitat 610 $aMoyen Âge 610 $aAntiquité 610 $aProtohistoire 610 $amonde romain 610 $aprovince occidentale 615 0$aBuilding, Wooden$xCongresses. 615 0$aBuilding, Wooden$xCongresses. 615 0$aEarthworks (Archaeology)$xCongresses. 615 0$aEarthworks (Archaeology)$xCongresses. 676 $a930 700 $aArcelin$b Patrice$0532034 701 $aBarbet$b Alix$0171057 701 $aBloemers$b F$01330334 701 $aBlouet$b V$01330335 701 $aBrunella$b Ph$01330336 701 $aBuchsenschutz$b Olivier$01286448 701 $aCoulon$b Gérard$0285596 701 $aDesbat$b Armand$0186006 701 $ade Chazelles$b Claire-anne$01330337 701 $aFiches$b Jean-luc$0174019 701 $aGoudineau$b Christian$0164724 701 $aHeckenbenner$b Domminque$01330338 701 $aJoly$b Dominique$01291574 701 $aLefebvre$b Cl$01330339 701 $aLegendre$b J.-P$01330340 701 $aLenoir$b Maurice$0430183 701 $aLequément$b Robert$01330341 701 $aMichel$b Philippe$0374962 701 $aOdouze$b Jean-Louis$01330342 701 $aOlivier$b L$01330343 701 $aPaunier$b Daniel$0162941 701 $aPerring$b Dominic$01129825 701 $aPesez$b Jean-Marie$0173063 701 $aPoupet$b Pierre$01314179 701 $aSlim$b Hedi$01295289 701 $aWacher$b S$01330344 701 $aWaton$b Marie-Dominique$01285804 701 $aLasfargues$b Jacques$0157196 801 0$bFR-FrMaCLE 906 $aBOOK 912 $a9910495998403321 996 $aArchitectures de terre et de bois$93039804 997 $aUNINA LEADER 01136nam a2200229 i 4500 001 991004361634807536 005 20250115155016.0 008 250115s1991 it fr 101 0 ita d 040 $aBibl. Dip.le Aggr. Ingegneria Innovazione - Sez. IngegneriaInnovazione$beng$cSocioculturale Scs 041 0 $aita 082 04$a333.79$223 110 2 $aATI $0284428 245 10$aOttimizzazione tecnica ed economica degli impianti termici e dei loro componenti per la produzione di energia :$braccolta dei contributi /$cAssociazione termotecnica italiana, Università di Genova 260 $aGenova :$b[s.n.],$c1991 300 $a2 volumes :$bill. ;$c31 cm 505 00$g[1]. -$g1 volume (various pagings). 505 00$g[2]. -$g1 volume (various pagings). 650 4$aPower resources$vConference papers and proceedings 710 2 $aUniversità degli studi di Genova$eauthor$4http://id.loc.gov/vocabulary/relators/aut$072291 912 $a991004361634807536 996 $aOttimizzazione tecnica ed economica degli impianti termici e dei loro componenti per la produzione di energia$94307483 997 $aUNISALENTO